| 000 | 00551nam a22001935i 4500 | ||
|---|---|---|---|
| 001 | 12237 | ||
| 003 | ES-MaACL | ||
| 005 | 20230906150253.0 | ||
| 007 | t| | ||
| 008 | 950329s1994 sp ||||0| spa j | ||
| 020 | _a84-605-1985-6 | ||
| 040 |
_aM-BN _bspa _cM-BN |
||
| 080 | _a860-14"19" | ||
| 100 | 1 |
_aNegrón Colomer, Ángel. _985320 |
|
| 245 | 1 | 0 |
_aPoesías / _cAngel Negrón Colomer. |
| 260 |
_a[Madrid] : _bA. Colomer, _cD.L. 1994 ( _eMadrid : _fGráf. Pérez-Galdos) |
||
| 300 |
_a[228] p ; _c16 cm. |
||
| 852 |
_aES-MaACL _jL-19609 _bR.123822 |
||
| 999 |
_c12237 _d12237 |
||